Sessualità : una storia per immagini /

In Sessualità, Jules Scheele e Meg-John Barker esplorano con ironia e profondità il modo in cui la sessualità è stata costruita nella società, smascherando i mostri che la circondano. Attraverso un fumetto divulgativo e provocatorio, il libro guida i lettori verso una comprensione più libera, inclus...

সম্পূর্ণ বিবরণ

সংরক্ষণ করুন:
গ্রন্থ-পঞ্জীর বিবরন
প্রধান লেখক: Barker, Meg-John (লেখক), Scheele, Jules, (1984-) (লেখক)
অন্যান্য লেখক: Capesciotti, Marta (অনুবাদক), D'Epifanio, Matu (অনুবাদক), Gusmano, Beatrice (অনুবাদক)
বিন্যাস: গ্রন্থ
ভাষা:ইতালিয়
প্রকাশিত: Roma : Fandango libri, 2025
মালা:Documenti ; 152
বিষয়গুলি:
ট্যাগগুলো: ট্যাগ যুক্ত করুন
কোনো ট্যাগ নেই, প্রথমজন হিসাবে ট্যাগ করুন!

MARC

LEADER 00000nam a22000007i 4500
001 IT\ICCU\UBO\4873406
003 ItRI
005 20260115232212.0
008 250417s2025 it |||||| |||||0|||||c
020 |a 9791256360734 
040 |b ita  |c importazione bologna sebina 
041 7 |a ita  |2 ISO-639-2 
082 |a 306.7  |9 ISTITUZIONI ATTINENTI ALLE RELAZIONI TRA I SESSI  |2 21 
100 1 |a Barker, Meg-John  |0 IT\ICCU\UBOV\465556  |4 aut 
240 1 0 |a Sexuality  |3 IT\ICCU\UBO\4873405  |9 Barker, Meg-John 
245 1 0 |a Sessualità :  |b una storia per immagini /  |c Meg-John Barker e Jules Scheele ; traduzione di Marta Capesciotti, Matu D'Epifanio e Bea Gusmano. 
260 |a Roma :  |b Fandango libri,  |c 2025 
300 |a 182 :  |b ill. ;  |c 24 cm 
520 |a In Sessualità, Jules Scheele e Meg-John Barker esplorano con ironia e profondità il modo in cui la sessualità è stata costruita nella società, smascherando i mostri che la circondano. Attraverso un fumetto divulgativo e provocatorio, il libro guida i lettori verso una comprensione più libera, inclusiva e consapevole del sesso, immaginando un futuro senza preconcetti e basato sul consenso e la diversità. 
650 7 |a Sesso  |x Sociologia 
700 1 |a Capesciotti, Marta  |0 IT\ICCU\LO1V\479763  |4 trl 
700 1 |a D'Epifanio, Matu  |0 IT\ICCU\PUGV\002209  |4 trl 
700 1 |a Gusmano, Beatrice  |0 IT\ICCU\UBOV\218760  |4 trl 
700 1 |a Scheele, Jules,  |d  (1984-)  |0 IT\ICCU\UTOV\556338  |4 aut 
830 0 |a Documenti ;  |v 152  |0 IT\ICCU\TO0\1035961 
942 |2 ddc  |c BK  |n 0 
952 |0 0  |1 0  |4 0  |6 F_741_500000000000000_BAR  |7 0  |9 21884  |a BO  |b BO  |d 2026-01-15  |i 21055  |l 0  |o F 741.5 BAR  |p BO21055  |r 2026-01-15 23:22:12  |w 2026-01-15  |x [Sebina 5] [1 v.]  |y BK  |z 1 v. 
999 |c 18706  |d 18706